01210 2200409 4500001002100000005001500021035002000036007000300056040001700059100002900076245010300105250001000208300003500218020002200253041000800275082001000283084001600293090002100309264003000330336002100360337003000381338002300411500002800434650001300462700005000475700003800525850001000563008004100573990002400614990002200638990002200660990002400682990002400706990002400730990002200754990002400776INLIS00000000000999620260410082533 a0010-0123000323ta aSBPUPADbind0 aDwi RahmawatiePengarang1 aPintar Mengenal Warna /cDwi Rahmadhani;Editor, Yashinta Vita Wahyuningsih;ilustrator, Endy Astiko aCet.1 aviii, 48 hlm :bilus, ;c28 cm a978-979-29-5352-70 aind a371.1 a371.1 DWI p b371.1 DWI p 5-5 aYogyakarta :bANDI,c2016 2rdacontentaTeks 2rdamediaatanpa perantara 2rdacarrieravolume aBiodata Penulis, hlm 48 4aMewarnai0 aEditor, Yasintha Vita WahyuningsihePengarang0 aIlustrasi; Endy AstikoePengarang aPUPAD260410 1  a34.123/DAK/DPK/2019 a27.616/P/DPK/2018 a27.616/P/DPK/2018 a34.123/DAK/DPK/2019 a34.125/DAK/DPK/2019 a34.126/DAK/DPK/2019 a27.619/P/DPK/2018 a34.124/DAK/DPK/2019